Normal view
MARC view
- Schinca Quereilhac, Marta,
Entry Nombre Personal
001 - NUMERO DE CONTROL
- campo de control: 34100
003 - IDENTIFICADOR DE NUMERO DE CONTROL
- campo de control: UPN
005 - FECHA Y HORA DE LA ÜLTIMA TRANSACCIÓN
- campo de control: 20210219194449.0
008 - DATOS DE LONGITUD FIJA
- campo de control de longitud fija: nabaccnnaabn|||||||||| b |nc|||||d
035 ## - NUMERO DE CONTROL
- Número de control: UPN11000006207
040 ## - FUENTE DE CATALOGACIÓN
- Lenguaje de catalogación: SPA
- Agencia de transcripción: UPN
100 1# - ENCABEZAMIENTO - NOMBRE PERSONAL
- Nombre personal: Schinca Quereilhac, Marta,
- Fechas asociadas con el nombre: 1940-
670 ## - FUENTE EN LA QUE SE LOCALIZARON DATOS
- Cita de la fuente: T
- Información localizada: Wikipedia
680 ## - NOTA PUBLICA DE ACCESO PÚBLICO
- Frase explicativa de la referencia: Directora de escena uruguaya con una larga trayectoria en la pedagogía, la investigación y creación dentro del ámbito del teatro de movimiento
902 ## - CATALOGADOR
- Catalogador: MMA/060913
